Detalles MARC
| 000 -ENCABEZADO |
| Número de control [NR] |
02601nam a22003017a 4500 |
| 005 - FECHA Y HORA DE LA ÚLTIMA TRANSACCIÓN |
| control field |
20160212110806.0 |
| 008 - DE LONGITUD FIJA DE DATOS DE ELEMENTOS - INFORMACIÓN GENERAL |
| Elementos de longitud fija [NR] |
130419s1701 sp ||||fr|||||001|0|latsd |
| 040 ## - FUENTE DE CATALOGACION [NR] |
| Quien Cataloga |
Sandra Yazo (modificó) |
| Quien Clasifica |
Sandra Yazo (modificó) |
| Idioma de catalogación [NR] |
spa |
| 041 0# - CODIGO DE IDIOMA [R] |
| Código de idioma para texto/pista de sonido o título separado [R] |
Latín |
| 082 04 - NUMERO DE CLASIFICACION DECIMAL DEWEY [R] |
| Número de clasificación [R] |
232.91 |
| Número de la edición [NR] |
20 |
| 092 ## - SIGNATURA TOPOGRAFICA LOCAL |
| Número de clasificación local |
E02N127 |
| 100 1# - ASIENTO PRINCIPAL--NOMBRE PERSONAL [NR] |
| Nombre personal [NR] |
Sera, Francisco |
| ID Autoridad |
28277 |
| 242 00 - TRADUCCION DEL TITULO POR LA AGENCIA CATALOGADORA [R] |
| Título [NR] |
Libano Mariano |
| Parte restante del título [NR] |
Comprende casi todos los elementos de la Naturaleza sin omitir los jeroglíficos, símbolos y sentencias sagrados y profanos ... |
| Mención de responsabilidad, etc. [NR] |
por el M. R. P. Francisco Sera |
| Número de la parte o sección [R] |
Tomo primero |
| Nombre de la parte o sección [R] |
Que tratan sobre montes y las aguas |
| Código de idioma del título traducido [NR] |
spa |
| 245 10 - MENCION DE TITULO [NR] |
| Título [NR] |
Libanus Marianus, |
| Parte restante del título [NR] |
Universam fere naturae suppellectilem complectens: non omissis sacris, et humanioribus hieroglyphicis, symbolis, & apophtegmatibus ... |
| Mención de responsabilidad, etc. [NR] |
Authore Adm. R. P. Fr. Francisco Sera ... |
| Número de la parte/sección de la obra [R] |
Tomus primus |
| Nombre de la parte/sección de la obra [R] |
tractans de montibus, et aquis |
| 260 ## - PUBLICACION, DISTRIBUCION, ETC. (PIE DE IMPRENTA) [R] |
| Lugar de publicación, distribución, etc. [R] |
Barcinone [Barcelona] (España) |
| Nombre del editor, distribuidor, etc. [R] |
Ex Typ. Raphaelis Gelabert [En la impresnta de Rafael Gelabert] |
| Fecha de publicación, distribución, etc. [R] |
1701 |
| 300 ## - DESCRIPCION FISICA [R] |
| Extensión [R] |
[22], 402, [22] páginas |
| Dimensiones [R] |
29 x 20 cm. |
| 500 ## - NOTA GENERAL [R] |
| Nota general [NR] |
Detalles físicos: Sin encuadernación original, actualmente encuadernación rígida (holandesa con esquina) en cartón forrado en papel, lomo y esquineras de cuero. Lomo con tejuelo y adornos en dorado. Guardas, conserva parte guarda delantera original. Portada impresa en dos tintas. Un grabado de buena calidad de página entera. Dedicatoria. Permisos y licencias. Prólogo. Cenefas y remate. Mayúsculas capitales. Texto impreso en dos columnas, con varios tipos y tamaños de letra. Apostillas marginales impresas identificadas con letras mayúsculas. Signaturas y reclamos. Varias anotaciones manuscritas. Papel manchado, notoria en la esquina inferior derecha |
| 505 0# - NOTA DE CONTENIDO CON FORMATO PREESTABLECIDO [R] |
| Nota de contenido con formato preestablecido [NR] |
V.1: Libro 1 – 2: María como Monte, comentarios en torno a algunos montes representativos del Antiguo y del Nuevo Testamento: Líbano, Galaad, Saron, Hermón, Ararat, Bethel, Carmelo, Gólgota, Sion, Tabor -- María como agua, fuente y río |
| 506 ## - NOTA DE RESTRICCIONES DE ACCESO [R] |
| Condiciones de acceso [NR] |
Consulta en sala |
| 520 ## - NOTA DE RESUMEN, ETC. [R] |
| Nota de sumario, etc. [NR] |
Obra alegórica sobre los textos de la Sagrada Escritura y de la tradición de la Iglesia, sobre la virgen María. Materiales que sirven de base a los predicadores |
| 546 ## - NOTA DE IDIOMA [R] |
| Nota de idioma [NR] |
Texto en latín |
| 600 14 - ASIENTO SECUNDARIO DE MATERIA - NOMBRE PERSONAL [R] |
| Nombre personal [NR] |
Virgen María |
| Subdivisión general [R] |
Devoción |
| -- |
Obras anteriores de 1800 |
| 9 (RLIN) |
28278 |
| 650 #7 - ASIENTO SECUNDARIO DE MATERIA - TERMINO TEMATICO [R] |
| Término temático o nombre geográfico como elemento de entrada [NR] |
Sagradas escrituras |
| Subdivisión general [R] |
Interpretaciones |
| -- |
Obras anteriores a 1800 |
| 9 (RLIN) |
23889 |
| 650 #7 - ASIENTO SECUNDARIO DE MATERIA - TERMINO TEMATICO [R] |
| Término temático o nombre geográfico como elemento de entrada [NR] |
Virgen María |
| Subdivisión general [R] |
Sermones |
| 9 (RLIN) |
26301 |
| 690 ## - ASUNTO AGREGADO LOCAL DE ENTRADA - TÉRMINO TEMÁTICO (OCLC, RLIN) |
| Acceso temático local |
Teología |
| 856 41 - LOCALIZACION Y ACCESO ELECTRONICOS [R] |
| Nota dirigida al público [R] |
Disponible en línea |
| Identificador Uniforme del Recurso (“URI”) [R] |
<a href="http://books.google.com.co/books?id=ZjK3GOjXIgsC&printsec=frontcover&source=gbs_atb">http://books.google.com.co/books?id=ZjK3GOjXIgsC&printsec=frontcover&source=gbs_atb</a> |
| 942 ## - ELEMENTOS DE ENTRADA AGREGADOS (KOHA) |
| Tipo de ítem principal el descrito en 300a |
Libro |
| Edición |
1 |
| Tema principal |
4 |
| Sistema de clasificación |
LOCAL |
| Clasificación |
E02N127 |